|
|
|
|
| LEADER |
00000nam0a2200000 4500 |
| 001 |
94492 |
| 005 |
20231101213942.0 |
| 035 |
|
|
|a (RuTPU)RU\TPU\book\101225
|
| 090 |
|
|
|a 94492
|
| 100 |
|
|
|a 20060411d1970 e y0rusy50 ca
|
| 101 |
0 |
|
|a rus
|
| 102 |
|
|
|a RU
|
| 105 |
|
|
|a a z 000zy
|
| 200 |
1 |
|
|a Океан в нас самих
|f В. Р. Келер
|g худож. В. Терещенко
|
| 210 |
|
|
|a Москва
|c Детская литература
|d 1970
|
| 215 |
|
|
|a 160 с.
|c ил.
|
| 316 |
|
|
|5 63413507: 79-5495
|a С автографом автора. На титульном листе дарственная надпись: "Томской научно-технической библиотеке ТПИ на добрую память от автора Вл Келер 14 марта 1979 Москва"
|
| 606 |
1 |
|
|a Личность
|x Человеческие качества
|2 stltpush
|3 (RuTPU)RU\TPU\subj\37623
|9 58509
|
| 606 |
1 |
|
|a Личность
|x Этические проблемы
|2 stltpush
|3 (RuTPU)RU\TPU\subj\40537
|9 60383
|
| 606 |
1 |
|
|a Личность и общество
|2 stltpush
|3 (RuTPU)RU\TPU\subj\40539
|9 60385
|
| 610 |
1 |
|
|a личность
|
| 610 |
1 |
|
|a внутренний мир
|
| 610 |
1 |
|
|a межличностные отношения
|
| 610 |
1 |
|
|a нравственность
|
| 610 |
1 |
|
|a этика
|
| 610 |
1 |
|
|a интеллигентность
|
| 610 |
1 |
|
|a детская литература
|
| 610 |
1 |
|
|a дары автора
|
| 610 |
1 |
|
|a дары библиотеке
|
| 610 |
1 |
|
|a дарственные надписи
|
| 610 |
1 |
|
|a выпускники ТПУ
|
| 610 |
1 |
|
|a Коллекция ТПУ
|
| 675 |
|
|
|a 09
|v 3
|
| 686 |
|
|
|a С55.35
|v LBC/SL-A
|2 rubbk
|
| 686 |
|
|
|a Ю73
|v LBC/SL-A
|2 rubbk
|
| 686 |
|
|
|a Ю612.3
|v LBC/SL-A
|2 rubbk
|
| 700 |
|
1 |
|a Келер
|b В. Р.
|c русский советский прозаик
|c писал в жанре научно-популярной литературы
|c выпускник механического факультета ТТИ 1930 г.
|f 1908-1985
|g Владимир Романович
|2 stltpush
|3 (RuTPU)RU\TPU\pers\15918
|
| 702 |
|
1 |
|a Терещенко
|b В.
|4 440
|
| 801 |
|
1 |
|a RU
|b 63413507
|c 20060411
|g PSBO
|
| 801 |
|
2 |
|a RU
|b 63413507
|c 20210119
|g PSBO
|
| 942 |
|
|
|c BK
|